000 00669nam a2200229 4500
003 OSt
005 20260601193853.0
008 260508b2000 |||o|||| |||| 001 0 eng d
020 _a3929227444
040 _aICI
_bspa
_cICI
050 _aNK7300
_bY43 2000
100 1 _aZec, Peter
_929204
245 1 _aYearbook Selection 2000:
_bJewlery, Watches and Objects
264 _bDesign Zentrum Nordrhein Westfalen Edition
_c2000
_aAlemania
300 _a160 páginas
336 _atexto
_2rdacontent
337 _asin medio
_2rdamedia
338 _avolumen
_2rdacarrier
650 _aJoyería
_xDiseño
_932667
650 _aObjetos decorativos
_932668
942 _2lcc
_cB
_n1
999 _c21949
_d21949